Nomination of Julie Su to serve as Deputy Secretary of Labor : hearing of the Committee on Health, Education, Labor, and Pensions, United States Senate, One Hundred Seventeenth Congress, first session on examining the nomination of Julie A. Su, of California, to be Deputy Secretary of Labor, March 16, 2021.

Bibliographic Details
Corporate Author: United States. Congress. Senate. Committee on Health, Education, Labor, and Pensions (Author)
Format: Government Document eBook
Language:English
Published: Washington : U.S. Government Publishing Office, 2022.
Series:S. hrg. ; 117-174
Subjects:
Online Access:https://purl.fdlp.gov/GPO/gpo183874

MARC

Tag First Indicator Second Indicator Subfields
LEADER 00000nam a2200000 i 4500
001 in00004591198
006 m o d f
007 cr |||||||||||
008 220712s2022 dcu ob f000 0 eng c
005 20220812191107.8
024 8 |a 46-754  |q (GPO jacket number) 
035 |a (OCoLC)on1335119357 
040 |a GPO  |b eng  |e rda  |e pn  |c GPO  |d MvI 
042 |a pcc 
043 |a n-us--- 
049 |a WWW 
050 4 |a KF26  |b .L27 2021d 
074 |a 1043-C (online) 
086 0 |a Y 4.L 11/4:S.HRG.117-174 
110 1 |a United States.  |b Congress.  |b Senate.  |b Committee on Health, Education, Labor, and Pensions,  |e author. 
245 1 0 |a Nomination of Julie Su to serve as Deputy Secretary of Labor :  |b hearing of the Committee on Health, Education, Labor, and Pensions, United States Senate, One Hundred Seventeenth Congress, first session on examining the nomination of Julie A. Su, of California, to be Deputy Secretary of Labor, March 16, 2021. 
264 1 |a Washington :  |b U.S. Government Publishing Office,  |c 2022. 
300 |a 1 online resource (iii, 148 pages). 
336 |a text  |b txt  |2 rdacontent 
337 |a computer  |b c  |2 rdamedia 
338 |a online resource  |b cr  |2 rdacarrier 
490 1 |a S. hrg. ;  |v 117-174 
504 |a Includes bibliographical references. 
500 |a GPO Cataloging Record Distribution Program (CRDP). 
511 0 |a Hearing witnesses: Su, Julie, Sacramento, CA. 
518 |a Date of hearing: 2021-03-16. 
588 |a Description based on online resource; title from PDF title page (govinfo, viewed June 30, 2022). 
600 1 0 |a Su, Julie A.,  |d 1969- 
610 1 0 |a United States.  |b Department of Labor  |x Officials and employees  |x Selection and appointment. 
655 7 |a Legislative hearings.  |2 lcgft 
776 0 8 |i Print version:  |a United States. Congress. Senate. Committee on Health, Education, Labor, and Pensions.  |t Nomination of Julie Su to serve as Deputy Secretary of Labor  |w (OCoLC)1335119239 
810 1 |a United States.  |b Congress.  |b Senate.  |t S. hrg. ;  |v 117-174. 
856 4 0 |u https://purl.fdlp.gov/GPO/gpo183874  |t 0 
999 f f |s 7d2ef518-3dee-4a53-b122-80a485c6d20d  |i 7d2ef518-3dee-4a53-b122-80a485c6d20d  |t 0 
952 f f |a Texas A&M University  |b College Station  |c Electronic Resources  |d Available Online  |t 0  |e Y 4.L 11/4:S.HRG.117-174  |h Superintendent of Documents classification 
998 f f |a Y 4.L 11/4:S.HRG.117-174  |t 0  |l Available Online